| 000 | 00766nam a2200229 a 4500 | ||
|---|---|---|---|
| 001 | 54352 | ||
| 003 | BD-RjUL | ||
| 005 | 20211209080116.0 | ||
| 008 | 921015s1993 nyu b 001 0 eng | ||
| 020 | _a0816188645 | ||
| 035 | _a(BD-RjUL) 54474 | ||
| 040 |
_aDLC _cBD-RjUL _dBD-RjUL _beng |
||
| 041 | _aeng | ||
| 082 | 0 | 0 |
_223 _a821.8 _bCRI 1993 |
| 245 | 0 | 0 |
_aCritical essays on Alfred Lord Tennyson / _cedited by Herbert F. Tucker. |
| 260 |
_aNew York : _bMaxwell Macmillan International, _cc1993. |
||
| 300 |
_axi, 264 p. : _bill. ; _c24 cm. |
||
| 504 | _aIncludes bibliographical references and index. | ||
| 600 | 1 | 0 |
_aTennyson, Alfred Tennyson, _cBaron, _d1809-1892 _xCriticism and interpretation. _9162527 |
| 700 | 1 |
_aTucker, Herbert F. _9162213 |
|
| 942 |
_2ddc _cBK |
||
| 999 |
_c54352 _d54352 |
||